|
|
|
|
| LEADER |
00000nab a2200000 a 4500 |
| 001 |
vtls010253097 |
| 003 |
SK-MaSNL |
| 005 |
20260304163135.0 |
| 008 |
25050728c2005 xo o e sloz |
| 035 |
|
|
|a SVKKK000058849
|
| 035 |
|
|
|a urn:nbn:sk:snk-ab17if
|
| 035 |
|
|
|a (urnnbn)urn:nbn:sk:snk:ar-a04xfw
|
| 035 |
|
|
|a (uuid)1ae17009-cdf7-4b3a-af7f-3c130c0c21b7
|
| 038 |
|
|
|a SVKKK
|
| 040 |
|
|
|a SNKBUCL
|b slo
|c SNKBUCL
|e AACR2
|
| 041 |
0 |
|
|a cze
|b eng
|
| 044 |
|
|
|a xo
|c SK
|
| 080 |
|
|
|a 556.388:661.723.63:579.6
|2 1997
|
| 080 |
|
|
|a 579.6
|2 1997
|
| 080 |
|
|
|a 661.723.63
|2 1997
|
| 100 |
1 |
|
|a Minařík, Miroslav
|4 aut
|9 548690
|
| 245 |
1 |
0 |
|a Aerobní degradace TCE, DCE, VC - nová sanační technologie =
|b Aerobic biodegradation removing TCE, DCE, VC - new removing technology
|c Miroslav Minařík, Markéta Sotolářová, Želmíra Greifová
|
| 246 |
3 |
1 |
|a Aerobic biodegradation removing TCE, DCE, VC - new removing technology
|
| 504 |
|
|
|a Bibliogr. odkazy
|
| 504 |
|
|
|a Res. angl.
|
| 650 |
0 |
7 |
|a biodegradácia aeróbna
|x trichlóretylén
|x dichlóretylén
|x vinylchlorid
|x sanácia
|2 snkbucl
|9 1489753
|
| 650 |
0 |
7 |
|a vody podzemné
|x znečistenie
|2 snkbucl
|9 989370
|
| 700 |
1 |
|
|a Greifová, Želmíra
|4 aut
|9 795268
|
| 700 |
1 |
|
|a Sotolářová, Markéta
|4 aut
|9 779470
|
| 773 |
0 |
|
|t Podzemná voda
|g Roč. 11, č. 2 (2005), s. 152-156
|x 1335-1052
|
| 850 |
|
|
|a Slovenská národná knižnica
|
| 852 |
|
|
|a Slovenská národná knižnica
|
| 958 |
|
|
|a article2022
|
| 958 |
|
|
|a NB
|
| 958 |
|
|
|a OND
|
| 958 |
|
|
|a EUIPO
|
| 999 |
|
|
|c 2976821
|d 2978751
|